| Tag |
First Indicator |
Second Indicator |
Subfields |
| LEADER |
00000cam a2200000 4500 |
| 001 |
in00000031522 |
| 005 |
20151007061716.0 |
| 008 |
750707s1921 nyuc 00010 eng u |
| 010 |
|
|
|a 21015093
|
| 035 |
|
|
|a (OCoLC)01433480
|
| 035 |
|
|
|9 AAD2839AM
|
| 040 |
|
|
|c DZM
|d TXA
|d UtOrBLW
|
| 049 |
|
|
|a TXAM
|c [20275]
|
| 050 |
|
0 |
|a PR601
|b .W5 1921
|
| 082 |
0 |
|
|a 808.1
|
| 092 |
|
|
|a 808.1
|b W687n, New ed.
|
| 100 |
1 |
|
|a Wilkinson, Marguerite,
|d 1883-1928.
|
| 245 |
1 |
0 |
|a New voices ;
|b an introduction to contemporary poetry /
|c by Marguerite Wilkinson.
|
| 250 |
|
|
|a New ed., rev. and enl.
|
| 264 |
|
1 |
|a New York :
|b The Macmillan company,
|c [1921.]
|
| 300 |
|
|
|a xxii pages, 1 ., 454 pages :
|b portraits ;
|c 20 cm.
|
| 336 |
|
|
|a text
|b txt
|2 rdacontent
|
| 337 |
|
|
|a unmediated
|b n
|2 rdamedia
|
| 338 |
|
|
|a volume
|b nc
|2 rdacarrier
|
| 650 |
|
0 |
|a American poetry
|y 20th century
|x History and criticism.
|
| 650 |
|
0 |
|a English poetry
|y 20th century
|x History and criticism.
|
| 999 |
|
|
|a MARS
|
| 999 |
f |
f |
|s 97437626-21b7-3d5a-92cd-b5ef5d5044cf
|i 079f8e20-fb96-36b1-8d2b-c88eb77b233b
|t 0
|
| 952 |
f |
f |
|p normal
|a Texas A&M University
|b College Station
|c Sterling C. Evans Library
|d Evans: Library Stacks
|t 0
|e PR601 .W5 1921
|h Library of Congress classification
|i unmediated -- volume
|m A14801197093
|
| 998 |
f |
f |
|a PR601 .W5 1921
|t 0
|l Evans: Library Stacks
|